[Event "msr26ss"]
[Site "?"]
[Date "2026.03.26"]
[Round "4.10"]
[White "Klimek, Martin"]
[Black "Havalda, Samuel"]
[Result "1/2-1/2"]
[BlackElo "1914"]
[WhiteElo "1803"]
[LiveChessVersion "1.4.8"]

1. e4 {[%clk 0:10:03]} e5 {[%clk 0:10:03]} 2. Nf3 {[%clk 0:10:04]} Nc6
{[%clk 0:10:04]} 3. c3 {[%clk 0:10:05]} Nf6 {[%clk 0:10:00]} 4. d4
{[%clk 0:10:06]} Nxe4 {[%clk 0:09:49]} 5. d5 {[%clk 0:10:07]} Ne7
{[%clk 0:09:50]} 6. Nxe5 {[%clk 0:10:06]} Nf6 {[%clk 0:09:44]} 7. c4
{[%clk 0:08:55]} Ng6 {[%clk 0:09:29]} 8. Nf3 {[%clk 0:08:35]} Bb4+
{[%clk 0:08:57]} 9. Bd2 {[%clk 0:08:17]} Qe7+ {[%clk 0:08:58]} 10. Be2
{[%clk 0:08:17]} O-O {[%clk 0:08:57]} 11. O-O {[%clk 0:08:15]} Bxd2
{[%clk 0:08:42]} 12. Qxd2 {[%clk 0:08:16]} d6 {[%clk 0:08:40]} 13. Re1
{[%clk 0:07:59]} Bf5 {[%clk 0:08:13]} 14. Nd4 {[%clk 0:07:27]} Bxb1
{[%clk 0:08:13]} 15. Raxb1 {[%clk 0:07:27]} Qd7 {[%clk 0:08:13]} 16. Bd3
{[%clk 0:06:43]} Rae8 {[%clk 0:07:05]} 17. b3 {[%clk 0:06:08]} Rxe1+
{[%clk 0:06:23]} 18. Rxe1 {[%clk 0:06:08]} Re8 {[%clk 0:06:24]} 19. Bf5
{[%clk 0:05:35]} Qd8 {[%clk 0:06:24]} 20. Nf3 {[%clk 0:04:46]} Rxe1+
{[%clk 0:06:06]} 21. Qxe1 {[%clk 0:04:47]} Qe7 {[%clk 0:06:07]} 22. Qxe7
{[%clk 0:04:33]} Nxe7 {[%clk 0:06:08]} 23. Bc2 {[%clk 0:04:15]} Kf8
{[%clk 0:05:52]} 24. Nd4 {[%clk 0:04:09]} a6 {[%clk 0:05:51]} 25. f3
{[%clk 0:03:47]} Ng6 {[%clk 0:04:37]} 26. Bxg6 {[%clk 0:03:33]} hxg6
{[%clk 0:04:38]} 27. Kf2 {[%clk 0:03:34]} Ke7 {[%clk 0:04:33]} 28. Ke3
{[%clk 0:03:23]} Nd7 {[%clk 0:04:12]} 29. f4 {[%clk 0:03:03]} Kf6
{[%clk 0:04:09]} 30. h4 {[%clk 0:02:43]} Nc5 {[%clk 0:04:10]} 31. g4
{[%clk 0:02:15]} Nd7 {[%clk 0:03:47]} 32. Ne2 {[%clk 0:02:02]} Ke7
{[%clk 0:03:24]} 33. Kf3 {[%clk 0:01:47]} Nc5 {[%clk 0:03:13]} 34. Ke3
{[%clk 0:01:44]} Nd7 {[%clk 0:03:14]} 35. Nc3 {[%clk 0:01:36]} Nf6
{[%clk 0:03:06]} 36. Kf3 {[%clk 0:01:37]} Nd7 {[%clk 0:02:59]} 37. Ne4
{[%clk 0:01:30]} Nf6 {[%clk 0:01:57]} 38. Nxf6 Kxf6 {[%clk 0:01:58]} 39. Ke4
{[%clk 0:01:27]} a5 {[%clk 0:01:55]} 40. a3 {[%clk 0:01:25]} b6 {[%clk 0:01:56]}
41. b4 {[%clk 0:01:24]} axb4 {[%clk 0:01:50]} 42. axb4 {[%clk 0:01:25]} Ke7
{[%clk 0:01:50]} 43. Kd4 {[%clk 0:01:20]} f5 {[%clk 0:01:40]} 44. gxf5
{[%clk 0:01:06]} gxf5 {[%clk 0:01:41]} 45. c5 {[%clk 0:01:07]} b5
{[%clk 0:01:36]} 46. cxd6+ {[%clk 0:00:44]} cxd6 {[%clk 0:01:29]} 47. Ke3
{[%clk 0:00:38]} Kf6 {[%clk 0:01:31]} 48. Kf3 {[%clk 0:00:38]} Kg6
{[%clk 0:01:31]} 1/2-1/2

[Event "msr26ss"]
[Site "?"]
[Date "2026.03.26"]
[Round "4.11"]
[White "Piussi, Maximilian"]
[Black "Horvathova, Hana"]
[Result "1-0"]
[BlackElo "1870"]
[WhiteElo "1699"]
[LiveChessVersion "1.4.8"]

1. e4 {[%clk 0:10:02]} e5 {[%clk 0:10:03]} 2. Nf3 {[%clk 0:10:02]} Nc6
{[%clk 0:10:04]} 3. d4 {[%clk 0:10:03]} exd4 {[%clk 0:10:03]} 4. Nxd4
{[%clk 0:10:03]} Nf6 {[%clk 0:10:03]} 5. Nc3 {[%clk 0:10:04]} Bb4
{[%clk 0:10:03]} 6. Nxc6 {[%clk 0:10:04]} bxc6 {[%clk 0:10:01]} 7. Bd3
{[%clk 0:10:03]} O-O {[%clk 0:09:51]} 8. O-O {[%clk 0:10:02]} Re8
{[%clk 0:09:49]} 9. Qf3 {[%clk 0:09:31]} d5 {[%clk 0:09:22]} 10. exd5
{[%clk 0:09:29]} cxd5 {[%clk 0:09:21]} 11. Bg5 {[%clk 0:09:27]} Bg4
{[%clk 0:07:33]} 12. Bxf6 {[%clk 0:09:08]} Bxf3 {[%clk 0:04:43]} 13. Bxd8
{[%clk 0:09:07]} Bxg2 {[%clk 0:04:37]} 14. Kxg2 {[%clk 0:09:06]} Raxd8
{[%clk 0:04:34]} 15. Nb5 {[%clk 0:08:34]} c6 {[%clk 0:04:13]} 16. Nd4
{[%clk 0:08:09]} Rd6 {[%clk 0:04:07]} 17. c3 {[%clk 0:08:00]} Bc5
{[%clk 0:04:04]} 18. Rae1 {[%clk 0:07:56]} Rb8 {[%clk 0:03:37]} 19. Re2
{[%clk 0:07:31]} Rh6 {[%clk 0:03:08]} 20. Rfe1 {[%clk 0:07:25]} Kf8
{[%clk 0:02:51]} 21. b4 {[%clk 0:06:06]} Bxd4 {[%clk 0:02:38]} 22. cxd4
{[%clk 0:06:06]} Rd6 {[%clk 0:02:21]} 23. Re7 {[%clk 0:05:38]} Rdd8
{[%clk 0:02:15]} 24. a3 {[%clk 0:05:29]} Ra8 {[%clk 0:01:56]} 25. Ba6
{[%clk 0:05:24]} Re8 {[%clk 0:01:50]} 26. Rxe8+ {[%clk 0:05:23]} Rxe8
{[%clk 0:01:50]} 27. Rxe8+ {[%clk 0:05:22]} Kxe8 {[%clk 0:01:50]} 28. Bb7
{[%clk 0:05:22]} Kd7 {[%clk 0:01:50]} 29. Kf3 {[%clk 0:05:15]} Kc7
{[%clk 0:01:48]} 30. Ba6 {[%clk 0:05:15]} Kb6 {[%clk 0:01:34]} 31. Bd3
{[%clk 0:05:15]} a5 {[%clk 0:01:34]} 32. Kf4 {[%clk 0:05:05]} axb4
{[%clk 0:01:26]} 33. axb4 {[%clk 0:05:05]} h6 {[%clk 0:01:13]} 34. Ke5
{[%clk 0:05:00]} Kc7 {[%clk 0:01:14]} 35. b5 {[%clk 0:04:54]} cxb5
{[%clk 0:01:07]} 36. Bxb5 {[%clk 0:04:54]} Kd8 {[%clk 0:01:04]} 37. Kxd5
{[%clk 0:04:54]} 1-0

[Event "msr26ss"]
[Site "?"]
[Date "2026.03.26"]
[Round "4.12"]
[White "Ondrejcak, Gregor"]
[Black "Havaldova, Natalia"]
[Result "0-1"]
[BlackElo "1552"]
[WhiteElo "1711"]
[LiveChessVersion "1.4.8"]

1. e4 {[%clk 0:10:03]} e5 {[%clk 0:10:04]} 2. Nf3 {[%clk 0:10:04]} Nc6
{[%clk 0:10:05]} 3. Bb5 {[%clk 0:10:05]} Bc5 {[%clk 0:10:05]} 4. O-O
{[%clk 0:10:02]} d6 {[%clk 0:10:07]} 5. h3 {[%clk 0:10:01]} Nge7 {[%clk 0:10:08]}
6. Re1 {[%clk 0:10:01]} Be6 {[%clk 0:10:09]} 7. c3 {[%clk 0:09:49]} a6
{[%clk 0:09:38]} 8. Ba4 {[%clk 0:09:47]} O-O {[%clk 0:09:02]} 9. d4
{[%clk 0:09:25]} exd4 {[%clk 0:09:02]} 10. cxd4 {[%clk 0:09:25]} Bb6
{[%clk 0:08:53]} 11. d5 {[%clk 0:09:19]} Bxh3 {[%clk 0:08:44]} 12. gxh3
{[%clk 0:08:11]} Ne5 {[%clk 0:08:06]} 13. Bf4 {[%clk 0:07:37]} N7g6
{[%clk 0:07:54]} 14. Bxe5 {[%clk 0:06:44]} Nxe5 {[%clk 0:07:54]} 15. Nxe5
{[%clk 0:06:44]} dxe5 {[%clk 0:07:54]} 16. Qd3 {[%clk 0:06:31]} Qg5+
{[%clk 0:07:30]} 17. Qg3 {[%clk 0:06:31]} Qxg3+ {[%clk 0:07:31]} 18. Kh1
{[%clk 0:06:09]} Bxf2 {[%clk 0:07:18]} 19. Nd2 {[%clk 0:05:50]} Qxh3#
{[%clk 0:07:16]} 0-1

[Event "msr26ss"]
[Site "?"]
[Date "2026.03.26"]
[Round "4.13"]
[White "Durovka, Marek"]
[Black "Truskova, Stela"]
[Result "1-0"]
[BlackElo "1774"]
[WhiteElo "2010"]
[LiveChessVersion "1.4.8"]

1. d4 {[%clk 0:10:00]} e6 {[%clk 0:10:02]} 2. c4 {[%clk 0:09:38]} f5
{[%clk 0:10:02]} 3. Nf3 {[%clk 0:09:28]} Nf6 {[%clk 0:10:02]} 4. g3
{[%clk 0:09:28]} Be7 {[%clk 0:10:03]} 5. Bg2 {[%clk 0:09:28]} O-O
{[%clk 0:10:02]} 6. O-O {[%clk 0:09:28]} d6 {[%clk 0:09:47]} 7. Nc3
{[%clk 0:09:27]} Qe8 {[%clk 0:09:34]} 8. Qc2 {[%clk 0:08:47]} a6 {[%clk 0:08:42]}
9. b3 {[%clk 0:08:37]} Nc6 {[%clk 0:07:58]} 10. d5 {[%clk 0:08:00]} exd5
{[%clk 0:06:33]} 11. Nxd5 {[%clk 0:07:39]} Be6 {[%clk 0:05:54]} 12. Nxc7
{[%clk 0:07:36]} Qd7 {[%clk 0:05:54]} 13. Nxa8 {[%clk 0:07:28]} Rxa8
{[%clk 0:05:28]} 14. Bb2 {[%clk 0:06:34]} Ne4 {[%clk 0:04:39]} 15. Rad1
{[%clk 0:06:27]} Rd8 {[%clk 0:03:39]} 16. Nd4 Nb4 {[%clk 0:03:06]} 17. Qb1
{[%clk 0:05:50]} Nc5 {[%clk 0:02:41]} 18. Nxe6 {[%clk 0:05:43]} Nxe6
{[%clk 0:02:31]} 19. a3 {[%clk 0:05:36]} Nc6 {[%clk 0:02:24]} 20. Bd5
{[%clk 0:05:29]} Rf8 {[%clk 0:01:47]} 21. Qa1 {[%clk 0:05:15]} Bf6
{[%clk 0:01:34]} 22. e4 {[%clk 0:04:50]} Bxb2 {[%clk 0:00:48]} 23. Qxb2
{[%clk 0:04:49]} f4 {[%clk 0:00:29]} 24. Qd2 {[%clk 0:03:30]} f3 {[%clk 0:00:23]}
25. Bxe6+ {[%clk 0:03:20]} Qxe6 {[%clk 0:00:24]} 26. Qd5 {[%clk 0:03:21]} Qxd5
{[%clk 0:00:17]} 27. Rxd5 {[%clk 0:03:22]} Rf6 {[%clk 0:00:15]} 28. Rfd1
{[%clk 0:03:18]} Ne7 {[%clk 0:00:00]} 1-0

[Event "msr26ss"]
[Site "?"]
[Date "2026.03.26"]
[Round "4.14"]
[White "Vrba, Martin"]
[Black "Strapec, Lukas"]
[Result "1-0"]
[BlackElo "1886"]
[WhiteElo "1000"]
[LiveChessVersion "1.4.8"]

1. d4 {[%clk 0:10:03]} d5 {[%clk 0:10:02]} 2. c4 {[%clk 0:10:04]} Nf6
{[%clk 0:10:00]} 3. Nc3 {[%clk 0:10:04]} c6 {[%clk 0:09:41]} 4. Nf3
{[%clk 0:10:02]} Bf5 {[%clk 0:09:21]} 5. Qb3 {[%clk 0:09:55]} Bc8
{[%clk 0:08:18]} 6. Bg5 {[%clk 0:09:23]} e6 {[%clk 0:07:59]} 7. e3
{[%clk 0:09:17]} Be7 {[%clk 0:07:45]} 8. Bd3 {[%clk 0:09:10]} Nbd7
{[%clk 0:07:19]} 9. O-O {[%clk 0:09:03]} O-O {[%clk 0:06:01]} 10. Qc2
{[%clk 0:08:36]} h6 {[%clk 0:05:31]} 11. Bh4 {[%clk 0:08:31]} dxc4
{[%clk 0:04:22]} 12. Bxc4 {[%clk 0:08:32]} Nb6 {[%clk 0:03:56]} 13. Bd3
{[%clk 0:08:11]} Nbd5 {[%clk 0:03:42]} 14. Ne5 {[%clk 0:07:53]} Nb4
{[%clk 0:03:25]} 15. Qe2 {[%clk 0:07:44]} Nxd3 {[%clk 0:03:23]} 16. Qxd3
{[%clk 0:07:24]} Nd5 {[%clk 0:02:31]} 17. Bxe7 {[%clk 0:07:22]} Qxe7
{[%clk 0:02:31]} 18. e4 {[%clk 0:06:40]} Nxc3 {[%clk 0:02:05]} 19. bxc3
{[%clk 0:06:40]} Rd8 {[%clk 0:01:37]} 20. Qg3 {[%clk 0:06:19]} c5
{[%clk 0:01:28]} 21. Rfd1 {[%clk 0:05:56]} cxd4 {[%clk 0:01:14]} 22. cxd4
{[%clk 0:05:54]} Bd7 {[%clk 0:01:06]} 23. Rab1 {[%clk 0:05:47]} Bc6
{[%clk 0:00:41]} 24. Nxc6 {[%clk 0:05:29]} bxc6 {[%clk 0:00:42]} 25. Qc3
{[%clk 0:05:06]} Rac8 {[%clk 0:00:37]} 26. Qa5 {[%clk 0:04:57]} Rd7
{[%clk 0:00:23]} 27. Qa6 {[%clk 0:04:55]} Rdc7 {[%clk 0:00:20]} 28. Rb2
{[%clk 0:04:37]} c5 {[%clk 0:00:14]} 29. d5 {[%clk 0:04:27]} exd5
{[%clk 0:00:12]} 30. exd5 {[%clk 0:04:27]} Rd8 {[%clk 0:00:07]} 31. Rbd2
{[%clk 0:04:11]} Rd6 {[%clk 0:00:05]} 32. Qa5 {[%clk 0:04:07]} c4
{[%clk 0:00:03]} 33. Qc3 {[%clk 0:03:53]} Qd7 {[%clk 0:00:00]} 1-0

[Event "msr26ss"]
[Site "?"]
[Date "2026.03.26"]
[Round "4.15"]
[White "Barina, Branislav"]
[Black "Bekec, Tobias"]
[Result "1-0"]
[BlackElo "1000"]
[WhiteElo "1789"]
[LiveChessVersion "1.4.8"]

1. d4 {[%clk 0:10:02]} Nf6 {[%clk 0:10:02]} 2. c4 {[%clk 0:10:03]} g6
{[%clk 0:10:02]} 3. Nc3 {[%clk 0:10:04]} d5 {[%clk 0:10:03]} 4. cxd5
{[%clk 0:10:05]} Nxd5 {[%clk 0:10:03]} 5. e4 {[%clk 0:10:06]} Nxc3
{[%clk 0:10:03]} 6. bxc3 {[%clk 0:10:06]} Bg7 {[%clk 0:10:04]} 7. Bc4
{[%clk 0:10:07]} O-O {[%clk 0:10:03]} 8. Ne2 {[%clk 0:10:08]} c5 {[%clk 0:09:50]}
9. Be3 {[%clk 0:10:08]} cxd4 {[%clk 0:09:39]} 10. cxd4 {[%clk 0:09:59]} Nc6
{[%clk 0:09:32]} 11. Rb1 {[%clk 0:09:11]} Qa5+ {[%clk 0:09:13]} 12. Qd2
{[%clk 0:08:56]} Qxd2+ {[%clk 0:09:12]} 13. Kxd2 {[%clk 0:08:46]} b6
{[%clk 0:09:06]} 14. Rhd1 {[%clk 0:08:01]} Rd8 {[%clk 0:08:50]} 15. Ke1
{[%clk 0:07:55]} e6 {[%clk 0:08:42]} 16. f3 {[%clk 0:07:50]} Bb7 {[%clk 0:08:41]}
17. Kf2 {[%clk 0:06:53]} Na5 {[%clk 0:08:03]} 18. Bd3 {[%clk 0:06:22]} Rac8
{[%clk 0:07:48]} 19. Rdc1 {[%clk 0:05:34]} h5 {[%clk 0:06:57]} 20. a4
{[%clk 0:04:59]} Kh7 {[%clk 0:06:20]} 21. Bb5 {[%clk 0:03:53]} Bc6
{[%clk 0:06:05]} 22. Bxc6 {[%clk 0:03:20]} Nxc6 {[%clk 0:06:00]} 23. Rc4
{[%clk 0:02:49]} Ne5 {[%clk 0:05:05]} 24. Rxc8 {[%clk 0:02:41]} Nd3+
{[%clk 0:05:05]} 25. Kf1 {[%clk 0:02:18]} Rxc8 {[%clk 0:05:05]} 26. Rb3
{[%clk 0:01:54]} Rc4 {[%clk 0:04:18]} 27. Rxd3 {[%clk 0:01:30]} Rxa4
{[%clk 0:04:18]} 28. d5 {[%clk 0:01:10]} exd5 {[%clk 0:04:16]} 29. exd5
{[%clk 0:01:10]} Rc4 {[%clk 0:04:03]} 30. d6 {[%clk 0:01:03]} Rc8
{[%clk 0:03:56]} 31. Ra3 {[%clk 0:00:50]} Rd8 {[%clk 0:03:45]} 32. Bf4
{[%clk 0:00:48]} g5 {[%clk 0:03:08]} 33. Bxg5 {[%clk 0:00:39]} Rxd6
{[%clk 0:03:09]} 34. Rxa7 {[%clk 0:00:37]} Kg6 {[%clk 0:03:05]} 35. Bf4
{[%clk 0:00:31]} Rd1+ {[%clk 0:02:59]} 36. Kf2 {[%clk 0:00:28]} Rb1
{[%clk 0:02:59]} 37. Rb7 {[%clk 0:00:24]} Bf8 {[%clk 0:02:51]} 38. Be3
{[%clk 0:00:21]} b5 {[%clk 0:02:46]} 39. Nf4+ {[%clk 0:00:14]} Kf6
{[%clk 0:02:29]} 40. Nxh5+ {[%clk 0:00:15]} Ke6 {[%clk 0:02:26]} 41. Nf4+
{[%clk 0:00:16]} Kd6 {[%clk 0:01:54]} 42. Rxf7 {[%clk 0:00:17]} Be7
{[%clk 0:01:46]} 43. Bc5+ {[%clk 0:00:16]} Kxc5 {[%clk 0:01:46]} 44. Rxe7
{[%clk 0:00:18]} b4 {[%clk 0:01:47]} 45. Nd3+ {[%clk 0:00:16]} Kd4
{[%clk 0:01:46]} 46. Nxb4 {[%clk 0:00:17]} Rb2+ {[%clk 0:01:40]} 47. Kg3
{[%clk 0:00:17]} Rb3 {[%clk 0:01:30]} 48. h4 {[%clk 0:00:18]} Rb1
{[%clk 0:01:30]} 49. h5 {[%clk 0:00:15]} Rh1 {[%clk 0:01:30]} 50. Kg4
{[%clk 0:00:16]} Kc4 {[%clk 0:01:31]} 51. Re4+ {[%clk 0:00:16]} Kc5
{[%clk 0:01:32]} 52. Kg5 {[%clk 0:00:15]} Kd6 {[%clk 0:01:31]} 53. g4
{[%clk 0:00:16]} Rh3 {[%clk 0:01:31]} 54. Rf4 {[%clk 0:00:16]} Ke6
{[%clk 0:01:29]} 55. h6 {[%clk 0:00:17]} Rh1 {[%clk 0:01:23]} 56. Kg6
{[%clk 0:00:18]} Ra1 {[%clk 0:01:21]} 57. h7 {[%clk 0:00:18]} Ra7
{[%clk 0:01:19]} 58. Rf6+ {[%clk 0:00:16]} Ke5 {[%clk 0:01:17]} 59. Nc6+
{[%clk 0:00:15]} Kd5 {[%clk 0:01:16]} 60. Nxa7 {[%clk 0:00:16]} Kd4
{[%clk 0:01:17]} 61. h8=Q {[%clk 0:00:16]} Ke3 {[%clk 0:01:17]} 62. Re6+
{[%clk 0:00:16]} Kxf3 {[%clk 0:01:18]} 63. Qh3+ {[%clk 0:00:15]} Kf2
{[%clk 0:01:18]} 64. Qe3+ {[%clk 0:00:15]} Kg2 {[%clk 0:01:18]} 65. Rf6
{[%clk 0:00:13]} Kh2 {[%clk 0:01:15]} 66. Rf2+ {[%clk 0:00:13]} Kg1
{[%clk 0:01:15]} 67. Qe1# {[%clk 0:00:14]} 1-0

[Event "msr26ss"]
[Site "?"]
[Date "2026.03.26"]
[Round "4.16"]
[White "Jenik, Samuel"]
[Black "Zakopcanova, Klaudia"]
[Result "1-0"]
[BlackElo "1000"]
[WhiteElo "1000"]
[LiveChessVersion "1.4.8"]

1. d4 {[%clk 0:10:03]} d5 {[%clk 0:10:03]} 2. c4 {[%clk 0:10:04]} dxc4
{[%clk 0:10:02]} 3. e4 {[%clk 0:10:05]} e6 {[%clk 0:10:02]} 4. Bxc4
{[%clk 0:10:02]} Nc6 {[%clk 0:10:01]} 5. Nf3 {[%clk 0:10:01]} Nf6
{[%clk 0:10:01]} 6. Nc3 {[%clk 0:10:00]} h6 {[%clk 0:09:59]} 7. a3
{[%clk 0:10:01]} Bd6 {[%clk 0:09:54]} 8. e5 {[%clk 0:09:44]} Ng8 {[%clk 0:09:24]}
9. exd6 {[%clk 0:09:43]} cxd6 {[%clk 0:09:23]} 10. O-O {[%clk 0:09:41]} e5
{[%clk 0:09:12]} 11. Bb5 {[%clk 0:09:29]} Bd7 {[%clk 0:09:05]} 12. Bxc6
{[%clk 0:09:24]} Bxc6 {[%clk 0:09:05]} 13. dxe5 {[%clk 0:09:24]} d5
{[%clk 0:08:39]} 14. Re1 {[%clk 0:09:07]} Ne7 {[%clk 0:08:27]} 15. Nd4
{[%clk 0:08:36]} Bd7 {[%clk 0:07:58]} 16. e6 {[%clk 0:08:27]} fxe6
{[%clk 0:07:51]} 17. Nxe6 {[%clk 0:08:27]} Qc8 {[%clk 0:07:35]} 18. Nxg7+
{[%clk 0:08:25]} Kf8 {[%clk 0:07:34]} 19. Qf3+ {[%clk 0:08:13]} Kxg7
{[%clk 0:07:26]} 20. Rxe7+ {[%clk 0:08:13]} Kg8 {[%clk 0:07:15]} 21. Qf7#
{[%clk 0:08:10]} 1-0

[Event "msr26ss"]
[Site "?"]
[Date "2026.03.26"]
[Round "4.17"]
[White "Oruzinsky, Juraj"]
[Black "Hloska, Alexander"]
[Result "1-0"]
[BlackElo "1630"]
[WhiteElo "2308"]
[LiveChessVersion "1.4.8"]

1. d4 {[%clk 0:10:02]} Nf6 {[%clk 0:10:03]} 2. Nc3 {[%clk 0:10:01]} d5
{[%clk 0:10:02]} 3. Bf4 {[%clk 0:10:02]} Bf5 {[%clk 0:10:00]} 4. e3
{[%clk 0:10:01]} e6 {[%clk 0:10:00]} 5. Bd3 {[%clk 0:09:56]} Bxd3
{[%clk 0:09:57]} 6. cxd3 {[%clk 0:09:56]} Bd6 {[%clk 0:09:58]} 7. Bg3
{[%clk 0:09:45]} O-O {[%clk 0:09:54]} 8. Nf3 {[%clk 0:09:44]} Bxg3
{[%clk 0:09:12]} 9. hxg3 {[%clk 0:09:44]} Nbd7 {[%clk 0:09:13]} 10. Rc1
{[%clk 0:09:38]} Rc8 {[%clk 0:09:07]} 11. b4 {[%clk 0:09:20]} Qe7
{[%clk 0:08:22]} 12. Qb3 {[%clk 0:09:19]} c6 {[%clk 0:07:44]} 13. O-O
{[%clk 0:08:53]} Rfe8 {[%clk 0:07:36]} 14. Ne5 {[%clk 0:08:44]} Nxe5
{[%clk 0:06:45]} 15. dxe5 {[%clk 0:08:44]} Nd7 {[%clk 0:06:46]} 16. d4
{[%clk 0:08:43]} f6 {[%clk 0:05:18]} 17. exf6 {[%clk 0:08:44]} Nxf6
{[%clk 0:05:09]} 18. Na4 {[%clk 0:07:52]} Ne4 {[%clk 0:04:38]} 19. Nc5
{[%clk 0:07:35]} Nd2 {[%clk 0:04:23]} 20. Qa4 {[%clk 0:07:20]} Nxf1
{[%clk 0:04:21]} 21. Rxf1 {[%clk 0:07:19]} b5 {[%clk 0:04:11]} 22. Qa6
{[%clk 0:07:12]} Qc7 {[%clk 0:03:30]} 23. f4 {[%clk 0:06:33]} Qb6
{[%clk 0:03:30]} 24. Rc1 {[%clk 0:06:26]} Qxa6 {[%clk 0:03:29]} 25. Nxa6
{[%clk 0:06:26]} Kf7 {[%clk 0:03:21]} 26. Kf2 {[%clk 0:06:18]} h5
{[%clk 0:03:20]} 27. Kf3 {[%clk 0:06:15]} Kf6 {[%clk 0:03:21]} 28. Nc5
{[%clk 0:06:13]} Kf5 {[%clk 0:02:45]} 29. Nb7 {[%clk 0:04:54]} Kf6
{[%clk 0:01:46]} 30. Nd6 {[%clk 0:04:43]} Red8 {[%clk 0:01:47]} 31. Nxc8
{[%clk 0:04:42]} Rxc8 {[%clk 0:01:48]} 32. g4 {[%clk 0:04:34]} g6
{[%clk 0:01:22]} 33. g5+ {[%clk 0:04:35]} Kf5 {[%clk 0:00:54]} 34. Rc5
{[%clk 0:04:35]} a6 {[%clk 0:00:48]} 35. e4# {[%clk 0:04:16]} 1-0

[Event "msr26ss"]
[Site "?"]
[Date "2026.03.26"]
[Round "4.18"]
[White "Galgoc, Lukas"]
[Black "Musaev, Matej Elbek"]
[Result "0-1"]
[BlackElo "2069"]
[WhiteElo "1678"]
[LiveChessVersion "1.4.8"]

1. d4 {[%clk 0:10:03]} g6 {[%clk 0:10:04]} 2. Bf4 {[%clk 0:10:03]} Bg7
{[%clk 0:10:05]} 3. Nc3 {[%clk 0:10:03]} d6 {[%clk 0:10:06]} 4. Nf3
{[%clk 0:10:03]} Nc6 {[%clk 0:10:07]} 5. e4 {[%clk 0:09:59]} Nf6 {[%clk 0:10:02]}
6. Bc4 {[%clk 0:09:56]} O-O {[%clk 0:09:57]} 7. O-O {[%clk 0:09:53]} Bg4
{[%clk 0:09:45]} 8. h3 {[%clk 0:09:52]} Bxf3 {[%clk 0:09:39]} 9. Qxf3
{[%clk 0:09:32]} Nxd4 {[%clk 0:09:39]} 10. Qd1 {[%clk 0:09:09]} Nd7
{[%clk 0:09:26]} 11. Be3 {[%clk 0:08:34]} Nc6 {[%clk 0:09:17]} 12. Qd2
{[%clk 0:08:18]} Re8 {[%clk 0:08:55]} 13. Bd5 {[%clk 0:07:53]} Na5
{[%clk 0:07:25]} 14. Na4 {[%clk 0:06:49]} c6 {[%clk 0:07:18]} 15. Bb3
{[%clk 0:06:34]} Nxb3 {[%clk 0:06:55]} 16. axb3 {[%clk 0:06:34]} Qc7
{[%clk 0:06:42]} 17. Nc3 {[%clk 0:05:54]} b5 {[%clk 0:06:32]} 18. b4
{[%clk 0:05:51]} Nb6 {[%clk 0:06:28]} 19. Bxb6 {[%clk 0:05:32]} Qxb6
{[%clk 0:06:28]} 20. Rad1 {[%clk 0:05:17]} a5 {[%clk 0:06:04]} 21. bxa5
{[%clk 0:04:45]} Rxa5 {[%clk 0:06:03]} 22. Ra1 {[%clk 0:03:34]} Rea8
{[%clk 0:06:02]} 23. Rxa5 {[%clk 0:03:20]} Rxa5 {[%clk 0:05:42]} 24. b4
{[%clk 0:02:17]} Ra3 {[%clk 0:05:39]} 25. Nb1 {[%clk 0:02:00]} Ra2
{[%clk 0:05:37]} 26. Nc3 {[%clk 0:01:59]} Ra3 {[%clk 0:05:12]} 27. Nb1
{[%clk 0:01:54]} Ra1 28. Nc3 {[%clk 0:01:41]} Qa6 {[%clk 0:05:10]} 29. Ne2
{[%clk 0:01:29]} Ra2 {[%clk 0:05:02]} 30. Nc1 {[%clk 0:01:23]} Rb2
{[%clk 0:04:57]} 31. Nd3 {[%clk 0:01:20]} Ra2 {[%clk 0:04:57]} 32. Nc1
{[%clk 0:01:21]} Ra1 {[%clk 0:04:57]} 33. Nd3 {[%clk 0:01:15]} Rxf1+
{[%clk 0:04:32]} 34. Kxf1 {[%clk 0:01:15]} Qa1+ {[%clk 0:04:33]} 35. Qc1
{[%clk 0:00:56]} Qa2 {[%clk 0:04:28]} 36. Ke1 {[%clk 0:00:42]} Bc3+
{[%clk 0:04:17]} 37. Kd1 {[%clk 0:00:39]} Qc4 {[%clk 0:04:08]} 38. f3
{[%clk 0:00:36]} Qd4 {[%clk 0:04:03]} 39. Ke2 {[%clk 0:00:35]} Bxb4
{[%clk 0:04:00]} 40. Nxb4 {[%clk 0:00:21]} Qxb4 {[%clk 0:04:00]} 41. Qa1
{[%clk 0:00:15]} Qc4+ {[%clk 0:04:00]} 42. Kd2 {[%clk 0:00:09]} c5
{[%clk 0:04:00]} 43. Qa8+ {[%clk 0:00:08]} Kg7 {[%clk 0:04:01]} 44. Qa1+
{[%clk 0:00:07]} e5 {[%clk 0:03:51]} 45. Qb1 {[%clk 0:00:00]} b4 {[%clk 0:03:51]}
0-1

[Event "msr26ss"]
[Site "?"]
[Date "2026.03.26"]
[Round "4.19"]
[White "Krajcirik, Matej"]
[Black "Pokoraczki, Maros"]
[Result "1-0"]
[BlackElo "1497"]
[WhiteElo "1646"]
[LiveChessVersion "1.4.8"]

1. f4 {[%clk 0:10:02]} d5 {[%clk 0:10:03]} 2. Nf3 {[%clk 0:10:03]} Nf6
{[%clk 0:10:02]} 3. b3 {[%clk 0:10:03]} Nc6 {[%clk 0:10:01]} 4. e3
{[%clk 0:10:03]} e6 {[%clk 0:10:01]} 5. Bb5 {[%clk 0:10:04]} Bd7 {[%clk 0:10:00]}
6. O-O {[%clk 0:10:04]} a6 {[%clk 0:09:59]} 7. Bxc6 {[%clk 0:10:05]} Bxc6
{[%clk 0:09:59]} 8. Bb2 {[%clk 0:10:06]} Bd6 {[%clk 0:09:52]} 9. d3
{[%clk 0:10:06]} b5 {[%clk 0:09:43]} 10. Nbd2 {[%clk 0:10:04]} O-O
{[%clk 0:09:35]} 11. Ne5 {[%clk 0:10:05]} Bb7 {[%clk 0:09:30]} 12. Ndf3
{[%clk 0:10:01]} c5 {[%clk 0:09:06]} 13. c4 {[%clk 0:09:41]} d4 {[%clk 0:09:03]}
14. exd4 {[%clk 0:09:37]} cxd4 {[%clk 0:08:55]} 15. Bxd4 {[%clk 0:09:31]} Bxf3
{[%clk 0:08:54]} 16. Qxf3 {[%clk 0:09:18]} Nd7 {[%clk 0:08:37]} 17. Rac1
{[%clk 0:07:57]} Bxe5 {[%clk 0:08:26]} 18. fxe5 {[%clk 0:07:55]} b4
{[%clk 0:08:11]} 19. Qg3 {[%clk 0:07:29]} a5 {[%clk 0:08:02]} 20. Be3
{[%clk 0:07:02]} g6 {[%clk 0:08:02]} 21. Qf2 {[%clk 0:06:19]} f5 {[%clk 0:07:57]}
22. d4 {[%clk 0:06:06]} a4 {[%clk 0:07:47]} 23. Qd2 {[%clk 0:05:35]} Rf7
{[%clk 0:07:36]} 24. Qxb4 {[%clk 0:05:12]} axb3 {[%clk 0:07:35]} 25. axb3
{[%clk 0:05:09]} Rb8 {[%clk 0:07:36]} 26. Qc3 {[%clk 0:05:04]} Rc8
{[%clk 0:07:24]} 27. Ra1 {[%clk 0:04:54]} Nb6 {[%clk 0:07:23]} 28. Ra6
{[%clk 0:04:40]} Nd5 {[%clk 0:07:20]} 29. Qd2 {[%clk 0:04:25]} Nxe3
{[%clk 0:07:15]} 30. Qxe3 {[%clk 0:04:26]} Qe8 {[%clk 0:07:05]} 31. Rfa1
{[%clk 0:04:16]} Rd7 {[%clk 0:06:52]} 32. Rd6 {[%clk 0:03:45]} Re7
{[%clk 0:06:21]} 33. Raa6 {[%clk 0:03:38]} Qf7 {[%clk 0:06:09]} 34. Qd2
{[%clk 0:03:12]} f4 {[%clk 0:05:55]} 35. d5 {[%clk 0:02:34]} Rce8
{[%clk 0:05:49]} 36. dxe6 {[%clk 0:02:19]} g5 {[%clk 0:05:31]} 37. exf7+
{[%clk 0:02:17]} Rxf7 {[%clk 0:05:28]} 38. Rd8 {[%clk 0:02:15]} Kf8
{[%clk 0:05:25]} 39. Rxe8+ {[%clk 0:02:15]} Kxe8 {[%clk 0:05:26]} 40. Ra8+
{[%clk 0:02:10]} Ke7 {[%clk 0:05:24]} 41. Qd6# {[%clk 0:02:06]} 1-0